00936nam a2200289Ia 4500001001000000003000500010008004100015010001100056040000900067082001700076100002100093245007300114260003100187300001100218440004200229650003600271700002500307700002500332901001700357902000600374905006300380910000900443942000900452942001200461999001900473952015400492Para_2432CHAP220125s1987 xx 000 0 und d a200966 cCHAP aPA 632.58 A8 aAuld, B.A.98333 aWeed control economics /c by B. A. Auld, K. M. Menz, C. A. Tisdell aLondon :b Academic Press a177 p. aApplied botany and crop science96360 aMalas hierbas x Control970011 aMenz, K. M. 974855 aTisdell C.A.9165805 aPA 632.58 A8 aA a0000001987 enka 0000000000 00 a1987 cPARA cPARAd1 c200966d200966 00102ddc4054708GRALaPAbPAd2005-10-27i(PA_52) (No. UACh 150067)l0oPA 632.58 A8p4102002065r2022-01-25 00:00:00tEj.1w2022-01-25yLIBROz3